[Event "Val Thorens op"]
[Site "Val Thorens"]
[Date "2009.??.??"]
[Round "2"]
[White "Lemoine, Thomas"]
[Black "Nanu, Ciprian Costica"]
[Result "0-1"]
[WhiteElo "2016"]
[BlackElo "2535"]
[PlyCount "66"]
[EventDate "2009.07.18"]
[EventType "swiss"]
[EventRounds "9"]
[EventCountry "FRA"]
[SourceTitle "CBM 131 Extra"]
[Source "ChessBase"]
[SourceDate "2009.09.03"]
[SourceVersion "2"]
[SourceVersionDate "2009.09.16"]
[SourceQuality "1"]

1. d4 e6 2. c4 b6 3. e4 Bb7 4. Bd3 Nc6 5. Nf3 Nb4 6. 0-0 Nxd3 7. Qxd3 d6 8. Nc3 Nf6 9. h3 Be7 10. Be3 0-0 11. d5 e5 12. b4 Nh5 13. Ne2 Bc8 14. Nd2 Bg5 15. Kh2 a5 16. a3 f5 17. f3 f4 18. Bf2 Bh4 19. Rac1 axb4 20. axb4 Qg5 21. Qc3 Ng3 22. Bxg3 Bxg3+ 23. Kh1 Qh4 24. Ng1 Bf2 25. Nb3 Rf6 26. Rc2 Be3 27. Qe1 Qg5 28. Qb1 Qg3 29. Qe1 Qg5 30. Qb1 Qh4 31. Qe1 Qh5 32. Kh2 Rg6 33. Qe2 Rg3 0-1

[Event "Avoine op 21th"]
[Site "Avoine"]
[Date "2006.07.27"]
[Round "6"]
[White "Lemoine, Thomas"]
[Black "Salaun, Yann"]
[Result "0-1"]
[WhiteElo "1987"]
[BlackElo "2312"]
[PlyCount "118"]
[EventDate "2006.07.22"]
[EventType "swiss"]
[EventRounds "9"]
[EventCountry "FRA"]
[SourceTitle "EXT 2007"]
[Source "ChessBase"]
[SourceDate "2006.11.23"]
[SourceVersion "1"]
[SourceVersionDate "2006.11.23"]
[SourceQuality "1"]

1. d4 d5 2. c4 c6 3. Nf3 e6 4. Nc3 dxc4 5. e3 b5 6. a4 Bb4 7. Bd2 Bb7 8. axb5 Bxc3 9. Bxc3 cxb5 10. b3 a5 11. bxc4 b4 12. Bb2 Nf6 13. Bd3 Nbd7 14. 0-0 0-0 15. Qc2 Re8 16. Ne5 Nxe5 17. dxe5 Nd7 18. Bxh7+ Kh8 19. Be4 Bxe4 20. Qxe4 Nc5 21. Qg4 Qd2 22. Bd4 Nb3 23. Rad1 Qc2 24. f4 Kg8 25. f5 exf5 26. Rxf5 Nxd4 27. exd4 Ra6 28. Rdf1 Rg6 29. Qf3 b3 30. Rxf7 b2 31. Rb7 a4 32. g3 Qxc4 33. Rxb2 Qxd4+ 34. Rbf2 Rxe5 35. Qf7+ Kh7 36. Qf4 Qxf4 37. Rxf4 Ra5 38. Ra1 a3 39. Ra2 Rb6 40. Rf3 Rb1+ 41. Kg2 Rb2+ 42. Rf2 Rxa2 43. Rxa2 Kg6 44. h4 Kf5 45. Kf3 Ra4 46. g4+ Kf6 47. Kg3 Ke5 48. Kf3 Kd5 49. h5 Kc4 50. Kg3 Kb3 51. Ra1 a2 52. Kh4 Ra5 53. Rf1 Kc3 54. Rf3+ Kd4 55. Rf1 a1Q 56. Rxa1 Rxa1 57. Kg5 Ra6 58. Kf5 Rf6+ 59. Kg5 Ke5 0-1

[Event "Champigny sur Marne op 6th"]
[Site "Champigny sur Marne"]
[Date "2006.02.18"]
[Round "3"]
[White "Lemoine, Thomas"]
[Black "Jobelot, Chris"]
[Result "1-0"]
[WhiteElo "1966"]
[BlackElo "1750"]
[PlyCount "39"]
[EventDate "2006.02.16"]
[EventType "swiss"]
[EventRounds "6"]
[EventCountry "FRA"]
[SourceTitle "EXT 2007"]
[Source "ChessBase"]
[SourceDate "2006.11.23"]
[SourceVersion "1"]
[SourceVersionDate "2006.11.23"]
[SourceQuality "1"]

1. d4 Nf6 2. c4 e6 3. Nc3 Bb4 4. Bg5 d5 5. Nf3 c6 6. e3 0-0 7. Qc2 h6 8. Bh4 Nbd7 9. Bd3 Re8 10. 0-0-0 dxc4 11. Bxc4 b5 12. Bd3 Qa5 13. g4 Bb7 14. Rhg1 c5 15. Ne5 Nxe5 16. dxe5 Nxg4 17. Rxg4 Bf3 18. Rdg1 Bxg4 19. Rxg4 c4 20. Bf6 1-0

[Event "Champigny sur Marne op"]
[Site "Champigny sur Marne"]
[Date "2005.03.??"]
[Round "5"]
[White "Lemoine, Thomas"]
[Black "Jouanny, Sebastien"]
[Result "1/2-1/2"]
[WhiteElo "2010"]
[BlackElo "1780"]
[PlyCount "103"]
[EventDate "2005.03.??"]
[EventType "swiss"]
[EventRounds "7"]
[EventCountry "FRA"]
[SourceTitle "EXT 2007"]
[Source "ChessBase"]
[SourceDate "2006.11.23"]
[SourceVersion "1"]
[SourceVersionDate "2006.11.23"]
[SourceQuality "1"]

1. d4 Nf6 2. c4 e5 3. dxe5 Ne4 4. Nf3 Bb4+ 5. Nbd2 Nc6 6. a3 Bxd2+ 7. Bxd2 Nxd2 8. Qxd2 Qe7 9. Qc3 b6 10. g3 Bb7 11. Bg2 0-0 12. 0-0 Rfe8 13. e3 Nxe5 14. Nxe5 Bxg2 15. Kxg2 Qxe5 16. Qxe5 Rxe5 17. Rfd1 d6 18. Rac1 Rae8 19. Kf3 f5 20. h4 g6 21. b4 a5 22. c5 dxc5 23. bxc5 Rxc5 24. Rxc5 bxc5 25. Rd5 Re4 26. Rxc5 Ra4 27. Rc3 c6 28. h5 Kg7 29. Rxc6 Kh6 30. hxg6 hxg6 31. Rc3 g5 32. g4 Rxg4 33. Rc5 Kg6 34. Rxa5 Re4 35. a4 g4+ 36. Kg3 Rc4 37. Ra6+ Kg5 38. Ra8 Rc1 39. Rg8+ Kf6 40. a5 Rc7 41. Ra8 Rc4 42. Rb8 Ra4 43. Rb6+ Ke5 44. a6 Ke4 45. Re6+ Kd5 46. Rh6 Ke4 47. Rh8 Rxa6 48. Re8+ Kd5 49. Kf4 Ra2 50. Kxf5 Rxf2+ 51. Kxg4 Rf1 52. Kg3 1/2-1/2

[Event "Champigny sur Marne op"]
[Site "Champigny sur Marne"]
[Date "2005.03.??"]
[Round "1"]
[White "Lemoine, Thomas"]
[Black "Yu, B1111"]
[Result "1-0"]
[WhiteElo "2010"]
[BlackElo "1800"]
[PlyCount "67"]
[EventDate "2005.03.??"]
[EventType "swiss"]
[EventRounds "7"]
[EventCountry "FRA"]
[SourceTitle "EXT 2007"]
[Source "ChessBase"]
[SourceDate "2006.11.23"]
[SourceVersion "1"]
[SourceVersionDate "2006.11.23"]
[SourceQuality "1"]

1. d4 d5 2. c4 e6 3. Nc3 Nf6 4. Bg5 c6 5. Nf3 Nbd7 6. e3 Qa5 7. cxd5 Nxd5 8. Qd2 Bb4 9. Rc1 N7b6 10. e4 Nxc3 11. bxc3 Ba3 12. Rc2 f6 13. Bf4 0-0 14. Bd3 e5 15. dxe5 Bg4 16. exf6 Rxf6 17. Ne5 Raf8 18. Bg3 Be6 19. 0-0 Bd6 20. Nf3 Bxg3 21. hxg3 Qh5 22. Qg5 Rh6 23. Qxh5 Rxh5 24. Nd4 Bc4 25. Bxc4+ Nxc4 26. Re1 Rf6 27. f4 c5 28. Nf5 Kf7 29. g4 Rhxf5 30. gxf5 g6 31. fxg6+ Kxg6 32. g3 Kh5 33. Rh2+ Kg4 34. Kg2 1-0